| 000 | 00690nam a2200181Ia 4500 | ||
|---|---|---|---|
| 008 | 100921s9999 xx 000 0 und d | ||
| 082 |
_b15235 _a320 0 |
||
| 100 | _aसोवनी मधुकर विष्णु. | ||
| 245 | _aआपली राज्यव्यवस्था. | ||
| 260 |
_bचित्रशाळा प्रेस,पुणे. _c0 |
||
| 300 |
_a88 _b--- |
||
| 365 | _b0.75 | ||
| 520 | _aस.शा.राज्यशास्त्र. | ||
| 630 | _aआपली राज्यव्यवस्था. | ||
| 650 | _aस.शा.राज्यशास्त्र. | ||
| 730 | _aआपली राज्यव्यवस्था. | ||
| 942 | _cBOOK | ||
| 999 |
_c764348 _d764345 |
||